Library of the University of Algiers 3
Ibrahim Sultan Cheibout
شعار جامعة الجزائر 3
مكتبة جامعة الجزائر 3
إبراهيم سلطان شيبوط

التخطيط الإستراتيجي : (رقم التسجيلة. 43087)

تفاصيل مارك
000 -LEADER
fixed length control field 01137nam a2200253Ia 4500
003 - CONTROL NUMBER IDENTIFIER
control field Ost
005 - DATE AND TIME OF LATEST TRANSACTION
control field 20260507075121.0
008 - FIXED-LENGTH DATA ELEMENTS--GENERAL INFORMATION
fixed length control field 260507s9999||||xx |||||||||||||| ||und||
020 ## - INTERNATIONAL STANDARD BOOK NUMBER
International Standard Book Number 9773371387
040 ## - CATALOGING SOURCE
Transcribing agency fsecg
041 ## - LANGUAGE CODE
Language code of text/sound track or separate title ara
082 ## - DEWEY DECIMAL CLASSIFICATION NUMBER
Classification number 330
100 ## - MAIN ENTRY--PERSONAL NAME
Relator term مؤلف
245 #0 - TITLE STATEMENT
Title التخطيط الإستراتيجي :
Remainder of title هل يخلو المستقبل من المخاطر؟ /
250 ## - EDITION STATEMENT
Edition statement طبعة 2
260 ## - PUBLICATION, DISTRIBUTION, ETC.
Place of publication, distribution, etc. القاهرة:
Name of publisher, distributor, etc. مركز الخبرات المهنية للإدارة,
Date of publication, distribution, etc. 2005
300 ## - PHYSICAL DESCRIPTION
Extent 210 صفحة؛
Dimensions 24 سم
490 ## - SERIES STATEMENT
Series statement سلسلة إصدارات بميك
520 ## - SUMMARY, ETC.
Summary, etc. السياسات والإستراتيجيات-الإستعداد لمواجهة المستقبل-الرؤية في التفكير الإستراتيجي-الرؤية والتخطيط-مواقف الخبرة الناشئة عن إستخدام سيناريوهات بديلة كإستراتيجية لتصوير المستقبل-التفكير أداة إستراتيجية.
653 ## - INDEX TERM--UNCONTROLLED
Uncontrolled term الإستراتيجيات
653 ## - INDEX TERM--UNCONTROLLED
Uncontrolled term التخطيط
653 ## - INDEX TERM--UNCONTROLLED
Uncontrolled term التخطيط الإستراتيجي
942 ## - ADDED ENTRY ELEMENTS (KOHA)
Koha item type كتب
المقتنيات
Withdrawn status Lost status Source of classification or shelving scheme Damaged status Not for loan Home library Current library Date acquired Serial enumeration / chronology Inventory number Total checkouts Full call number Barcode Date last seen Price effective from Koha item type
    Dewey Decimal Classification   NOT LOAN / إعارة داخلية مكتبة كلية العلوم الإقتصادية والعلوم التجارية وعلوم التسيير مكتبة كلية العلوم الإقتصادية والعلوم التجارية وعلوم التسيير 07/05/2026 الطابق الأرضي 2008/1   أ/2008ن1 2008/1 07/05/2026 07/05/2026 كتب
    Dewey Decimal Classification   Available مكتبة كلية العلوم الإقتصادية والعلوم التجارية وعلوم التسيير مكتبة كلية العلوم الإقتصادية والعلوم التجارية وعلوم التسيير 07/05/2026 الطابق الثاني 2008/2   أ/2008ن2 2008/2 07/05/2026 07/05/2026 كتب

موارد الويب المفتوحة


© University of Algiers 3 All Rights Reserved
|
Implemented by LECHELAH Riad